Ou se passent ces histoires? - Statistiques

Statistiques générales
  • Ce quiz a été pris 26 fois
    16 depuis la dernière actualisation
  • Le résultat moyen est 16 sur 100
Statistiques - réponses
Univers Type de lieu Lieu principal % Correct
Batman Ville Gotham City
64%
Avatar Planète Pandora
64%
Black Panther Royaume Wakanda
64%
Harry Potter Ecole Poudlard
57%
Aladdin Ville et royaume Agrabah
50%
Mythologie grecque Montagne Mont Olympe
50%
Thor Royaume Asgard
43%
Pokémon Région (1G) Kanto
43%
(Le) Monde de Narnia Royaume/Monde Narnia
43%
Game of Thrones Continent Westeros
43%
Dune Planète Arrakis
36%
Cycle arthurien Royaume Camelot
36%
(The) Legend of Zelda Royaume Hyrule
36%
Naruto Village Konoha
36%
(Le) Magicien d'Oz Pays Oz
36%
Hunger Games Pays Panem
36%
Alice au Pays des Merveilles Pays Pays des Merveilles
36%
Iliade Ville Troie
36%
Bob l'éponge Ville Bikini Bottom
29%
Donald/Picsou Ville Donaldville
29%
Code Lyoko Monde virtuel Lyoko
29%
(L')Attaque des Titans Royaume Paradis
29%
Mario Royaume Royaume Champignon
29%
(Les) Simpson Ville Springfield
29%
(Le) Seigneur des Anneaux Continent Terre du Milieu
29%
Mythologie nordique Arbre-monde Yggdrasil
29%
(La) Reine des Neiges Royaume Arendelle
21%
Shrek Royaume Fort Fort Lointain
21%
Stranger Things Ville Hawkins
21%
Superman Ville Metropolis
21%
Cars Ville Radiator Springs
21%
South Park Ville South Park
21%
(Le) Roi Lion Royaume Terre des Lions
21%
(Les) Annales du Disque-Monde Ville Ankh-Morpork
14%
Babar Ville Célesteville
14%
Percy Jackson Camp Colonie des Sang-Mêlé
14%
Dinotopia Ile Dinotopia
14%
Winnie l'Ourson Forêt Forêt des Rëves Bleus
14%
Twilight Ville Forks
14%
(The) Promised Neverland Orphelinat Grace Field House
14%
(L')Etrange Noel de Monsieur Jack Ville Halloween
14%
Jurassic Park Ile Isla Nublar
14%
Grand Theft Auto V Ville Los Santos
14%
Matrix Univers virtuel Matrice
14%
Mickey Ville Mickeyville
14%
1984 Pays/Continent Océania
14%
(Le) Marsupilami Pays Palombie
14%
Once upon a time Ville Storybrooke
14%
Qui veut la peau de Roger Rabbit? Ville Toonville
14%
Star Trek Vaisseau spatial USS Enterprise NCC-1701
14%
Astérix Village Village des Irréductibles
14%
(Les) Schtroumpfs Village Village Schtroumpf
14%
Desperate Housewives Quartier Wisteria Lane
14%
(Les) Pierrafeu Ville Caillouville
7%
Kirby Pays Dreamland
7%
(Les) Feux de l'Amour Ville Genoa City
7%
Grey's Anatomy Hôpital Grey Sloan Memorial Hospital
7%
Retour vers le futur Ville Hill Valley
7%
Wii Sport Resort Ile Ile Wuhu
7%
(The) Seven Deadly Sins Royaume Liones
7%
Monstres & Cie Ville Monstropolis
7%
Vampire Diaries Ville Mystic Falls
7%
Futurama Ville New New York
7%
Prison Break Prison Pénitencier d'État de Fox River
7%
BioShock Ville Rapture
7%
(Le) Voyage de Chihiro Monde Royaume des esprits
7%
(The) Witcher Région Royaumes du NordEmpire de Nilfgaard
7%
Miss Marple Ville St Mary Mead
7%
Buffy contre les Vampires Ville Sunnydale
7%
(The) Elder Scrolls V: Skyrim Continent Tamriel
7%
(La) Petite Maison dans la Prairie Ville Walnut Grove
7%
(Le) Cercle des poètes disparus Académie Académie de Welton
0%
(Les) Légendaires Planète Alysia
0%
Full Metal Alchemist Pays Amestris
0%
True Blood Ville Bon Temps
0%
Splatoon Ville Chromapolis
0%
Winx Monde Dimension Magique
0%
No Game No Life Monde virtuel Disboard
0%
Elden Ring Continent Entre-terre
0%
Baldu'rs Gate(et Donjons et Dragons Les Royaumes oubliés) Région Féérune
0%
Overlord Donjon/Guilde Grand Tombeau de Nazarick
0%
Sabrina l'apprentie sorcière Ville Greendale
0%
Sonic The Hedgehog Ville Green Hills
0%
(Le) Garçon et la bête Monde Jutengai
0%
American Dad Quartier Langley Falls
0%
Orange is the new black Prison Litchfield
0%
Dark Souls Royaume Lordran
0%
Wakfu Planète Monde des Douze
0%
Red Dead Redemption Etat New AustinWest Elizabeth Nuevo Paraiso
0%
Stardew Valley Ville Pélican Ville
0%
Foot 2 Rue Ville Port Marie
0%
Dr House Hôpital Princeton-Plainsboro
0%
Family Guy Ville Quahog
0%
Resident Evil Ville Raccoon City
0%
Pretty Little Liars Ville Rosewood
0%
Saints Row Ville Santo Ileso
0%
Ma famille d'abord Ville Stamford
0%
(Le) Dictateur Pays Tomainia
0%
Madame Bovary Village Yonville
0%
Metroid Planète Zebes
0%
Aucun quiz correspondant
Distribution des résultats
% des personnes avec chaque résultat
Percentile par nombre de réponses
Votre historique - résultats
Vous n’avez pas pris ce quiz depuis la dernière actualisation